| 000 | 02478nam a2200661 i 4500 | ||
|---|---|---|---|
| 001 | 52924 | ||
| 003 | KOSZ 005 | ||
| 005 | 20220422112445.0 | ||
| 008 | 161019s1997 pl a f f |001 0 pol | ||
| 015 | _aUWD 2016/36506 | ||
| 020 | _a8320810019 | ||
| 020 | _a8320810027 | ||
| 035 | _a991051016069705066 | ||
| 035 | _a(PL-WaBN)b53085644-48omnis_nlop | ||
| 035 | _ab53085644 | ||
| 035 | _a(OCoLC)749370887 | ||
| 035 | _azz2004906139 | ||
| 035 | _a(PL)b0000005308564 | ||
| 035 | _a(EXLNZ-48OMNIS_NETWORK)9910250732705606 | ||
| 040 |
_aWA N _cWA N _dKOSZ 005/HR |
||
| 041 | 1 |
_apol _heng |
|
| 046 | _k1994 | ||
| 080 | _a(075.8) | ||
| 080 | _a330.101.542 | ||
| 100 | 1 |
_aBegg, David K. H. _eAutor |
|
| 245 | 1 | 0 |
_aEkonomia : _bmikroekonomia / _cDavid Begg [oraz] Stanley Fischer, Rudiger Dornbusch ; red. nauk. Bogusław Czarny, Zbigniew Matkowski, Ryszard Rapacki ; tł. Bogusław Czarny, Ewa Freyberg, Marian Geldner, Zbigniew Matkowski, Andrzej Parkoła, Ryszard Rapacki, Michał Rusiński. |
| 246 | 1 |
_iTyt. oryg.: _aEconomics, _f1994 |
|
| 246 | 3 | 0 | _aMikroekonomia |
| 250 | _aWyd. 2. zm. | ||
| 260 |
_aWarszawa : _bPolskie Wydawnictwo Ekonomiczne, _c1997. |
||
| 300 |
_a570, [6] s. : _bil. kolor. ; _c24 cm. |
||
| 336 |
_aTekst _btxt _2rdacontent |
||
| 337 |
_aBez urządzenia pośredniczącego _bn _2rdamedia |
||
| 338 |
_aWolumin _bnc _2rdacarrier |
||
| 380 | _aKsiążki | ||
| 380 | _aPublikacje dydaktyczne | ||
| 385 |
_mPoziom nauczania _aSzkoły wyższe |
||
| 388 | _a1901-2000 | ||
| 388 | _a1989-2000 | ||
| 504 | _aIndeks. | ||
| 650 | 7 |
_aMikroekonomia _2DBN |
|
| 655 | 7 |
_aPodręczniki akademickie _2DBN |
|
| 658 | _aGospodarka, ekonomia, finanse | ||
| 700 | 1 |
_aCzarny, Bogusław _d(1957- ) _eTłumaczenie |
|
| 700 | 1 |
_aDornbusch, Rudiger _d(1942-2002) _eAutor |
|
| 700 | 1 |
_aFischer, Stanley _d(1943- ) _eAutor |
|
| 700 | 1 |
_aFreyberg, Ewa _d(1944- ) _eTłumaczenie |
|
| 700 | 1 |
_aGeldner, Marian _eTłumaczenie |
|
| 700 | 1 |
_aMatkowski, Zbigniew _d(1941- ) _eRedakcja |
|
| 700 | 1 |
_aParkoła, Andrzej _eTłumaczenie |
|
| 700 | 1 |
_aRapacki, Ryszard _d(1949- ) _eRedakcja |
|
| 700 | 1 |
_aRusiński, Michał _eTłumaczenie |
|
| 710 | 2 |
_aPolskie Wydawnictwo Ekonomiczne _4pbl |
|
| 856 |
_uhttp://koha.tu.koszalin.pl/cgi-bin/koha/opac-detail.pl?biblionumber=52924 _yKatalog online BPK |
||
| 942 |
_2UKD _cKS |
||
| 999 |
_c52924 _d52924 |
||